রুবাইয়াৎ ই ওমর খৈয়াম / (Record no. 3885)
[ view plain ]
| 000 -LEADER | |
|---|---|
| fixed length control field | 00714nam a2200217 a 4500 |
| 001 - CONTROL NUMBER | |
| JCCL Control Number | 3885 |
| 003 - CONTROL NUMBER IDENTIFIER | |
| JCCL marc code | BD-JhCC |
| 005 - DATE AND TIME OF LATEST TRANSACTION | |
| control field | 20180402194520.0 |
| 008 - FIXED-LENGTH DATA ELEMENTS--GENERAL INFORMATION | |
| fixed length control field | 171119s1974 bg a|||| |||| 00| 0 ben d |
| 035 ## - SYSTEM CONTROL NUMBER | |
| system control number | (BD-JhCC)3885 |
| 040 ## - CATALOGING SOURCE | |
| Original cataloging agency | BD-JhCC |
| Modifying agency | BD-JhCC |
| 041 ## - LANGUAGE CODE | |
| Language code of Book | ben |
| 082 ## - DEWEY DECIMAL CLASSIFICATION NUMBER | |
| Classification number | 892.71609 |
| Author mark and Year | RUB 1974 |
| 245 ## - TITLE STATEMENT | |
| Title | রুবাইয়াৎ ই ওমর খৈয়াম / |
| Statement of responsibility, etc | ইসলাম, কাজী নজরুল (অনুবাদ) |
| 260 ## - PUBLICATION, DISTRIBUTION, ETC. (IMPRINT) | |
| Place of publication, distribution, etc | কলিকাতা : |
| Name of publisher, distributor, etc | শ্রী জীবনকুমার বসু, |
| Date of publication, distribution, etc | 1974. |
| 300 ## - PHYSICAL DESCRIPTION | |
| Pagination | p. : |
| Dimensions | 24 cm. |
| Other physical details | illu; |
| 650 ## - SUBJECT ADDED ENTRY--TOPICAL TERM | |
| Topical term or geographic name as entry element | Arabic Poetry |
| 700 ## - ADDED ENTRY--PERSONAL NAME | |
| Personal name | ইসলাম, কাজী নজরুল |
| 942 ## - ADDED ENTRY ELEMENTS (KOHA) | |
| Source of classification or shelving scheme | Dewey Decimal Classification |
| Koha item type | Books |
| Source of classification or shelving scheme | Damaged status | Not for loan | Home library | Current library | Shelving location | Date of accession | Cost, normal purchase price | Total Checkouts | Full call number | Barcode | Date last seen | Copy number | Koha item type |
|---|---|---|---|---|---|---|---|---|---|---|---|---|---|
| Dewey Decimal Classification | JCC Rouf Library | JCC Rouf Library | General Stacks | 11/19/2017 | 20.00 | 892.71609 RUB 1974 | 5513 | 11/19/2017 | C-1 | Books |